[Event "George Trundle Qualifiers 2016"]
[Site "Auckland"]
[Date "2016.07.17"]
[Round "9.1"]
[White "Morrell, Gordon"]
[Black "Bennett, Hilton P"]
[Result "1-0"]
[LiveChessVersion "1.4.8"]
[BlackElo "1977"]
[WhiteElo "2077"]

1. d4 {[%clk 1:30:57]} Nf6 {[%clk 1:26:28]} 2. c4 {[%clk 1:30:49]} g6
{[%clk 1:25:42]} 3. Nc3 {[%clk 1:31:08]} Bg7 {[%clk 1:26:02]} 4. e4
{[%clk 1:31:33]} d6 {[%clk 1:26:26]} 5. h3 {[%clk 1:31:58]} O-O {[%clk 1:26:37]}
6. Bg5 {[%clk 1:32:09]} Na6 {[%clk 1:26:08]} 7. Bd3 {[%clk 1:30:58]} Qe8
{[%clk 1:22:08]} 8. Qd2 {[%clk 1:27:32]} e5 {[%clk 1:21:07]} 9. d5
{[%clk 1:27:03]} Nh5 {[%clk 1:15:09]} 10. O-O-O {[%clk 1:15:39]} f5
{[%clk 1:06:51]} 11. Nge2 {[%clk 1:06:10]} f4 {[%clk 0:58:13]} 12. f3
{[%clk 1:02:52]} Bd7 {[%clk 0:54:58]} 13. Bc2 {[%clk 0:54:08]} b5
{[%clk 0:51:25]} 14. cxb5 {[%clk 0:40:47]} Bxb5 {[%clk 0:51:40]} 15. Bd3
{[%clk 0:40:16]} Bxd3 {[%clk 0:50:05]} 16. Qxd3 {[%clk 0:40:41]} Nc5
{[%clk 0:48:07]} 17. Qb5 {[%clk 0:34:23]} Qc8 {[%clk 0:47:49]} 18. b4
{[%clk 0:33:49]} Rb8 {[%clk 0:46:16]} 19. Qc4 {[%clk 0:33:50]} Qb7
{[%clk 0:44:52]} 20. a3 {[%clk 0:32:02]} a5 {[%clk 0:41:55]} 21. b5
{[%clk 0:31:40]} a4 {[%clk 0:38:49]} 22. Nxa4 {[%clk 0:26:23]} Nxa4
{[%clk 0:37:34]} 23. Qxa4 {[%clk 0:26:45]} Qb6 {[%clk 0:34:50]} 24. Rd2
{[%clk 0:20:54]} Qc5+ {[%clk 0:32:59]} 25. Rc2 {[%clk 0:19:04]} Qe3+
{[%clk 0:32:40]} 26. Kb2 {[%clk 0:17:49]} Qf2 {[%clk 0:28:58]} 27. Nc3
{[%clk 0:13:49]} Qg3 {[%clk 0:27:55]} 28. h4 {[%clk 0:10:19]} h6 {[%clk 0:18:29]}
29. Be7 {[%clk 0:09:31]} Rfe8 {[%clk 0:17:13]} 30. Re2 {[%clk 0:09:41]} Rxe7
{[%clk 0:17:17]} 31. Rh3 {[%clk 0:09:52]} Qxh3 {[%clk 0:17:45]} 32. gxh3
{[%clk 0:10:16]} Ng3 {[%clk 0:18:05]} 33. Rc2 {[%clk 0:10:02]} Bf6
{[%clk 0:18:13]} 34. Qc4 {[%clk 0:08:12]} Bxh4 {[%clk 0:18:28]} 35. a4
{[%clk 0:08:34]} h5 {[%clk 0:13:55]} 36. a5 {[%clk 0:07:30]} g5 {[%clk 0:14:12]}
37. a6 {[%clk 0:06:02]} g4 {[%clk 0:14:23]} 38. hxg4 {[%clk 0:03:50]} hxg4
{[%clk 0:14:49]} 39. Qc6 {[%clk 0:04:09]} Ree8 {[%clk 0:12:53]} 40. Qd7
{[%clk 0:33:19]} 1-0

[Event "George Trundle Qualifiers 2016"]
[Site "Auckland"]
[Date "2016.07.17"]
[Round "9.2"]
[White "Duneas, John"]
[Black "Nyberg, Michael"]
[Result "0-1"]
[LiveChessVersion "1.4.8"]
[BlackElo "1930"]
[WhiteElo "2100"]

1. d4 {[%clk 1:30:58]} d5 {[%clk 1:30:51]} 2. c4 {[%clk 1:31:22]} c6
{[%clk 1:31:15]} 3. Nc3 {[%clk 1:31:44]} Nf6 {[%clk 1:31:38]} 4. Nf3
{[%clk 1:32:05]} e6 {[%clk 1:32:00]} 5. Bg5 {[%clk 1:32:00]} dxc4
{[%clk 1:32:11]} 6. Ne5 {[%clk 1:28:31]} b5 {[%clk 1:29:25]} 7. g3
{[%clk 1:27:32]} Bb7 {[%clk 1:28:42]} 8. Bg2 {[%clk 1:27:43]} a6 {[%clk 1:27:17]}
9. O-O {[%clk 1:27:41]} Be7 {[%clk 1:27:08]} 10. a4 {[%clk 1:27:17]} Nd5
{[%clk 1:24:15]} 11. Bxe7 {[%clk 1:26:26]} Qxe7 {[%clk 1:24:35]} 12. Ne4
{[%clk 1:18:06]} f6 {[%clk 1:22:43]} 13. Nf3 {[%clk 1:17:58]} Nd7
{[%clk 1:22:56]} 14. b3 {[%clk 1:14:15]} cxb3 {[%clk 1:22:46]} 15. Qxb3
{[%clk 1:13:53]} O-O {[%clk 1:23:03]} 16. Rfc1 {[%clk 1:13:07]} Rfc8
{[%clk 1:21:18]} 17. Nc5 {[%clk 1:13:01]} Nxc5 {[%clk 1:15:44]} 18. Rxc5
{[%clk 1:13:17]} Nb6 {[%clk 1:15:41]} 19. Bh3 {[%clk 1:02:35]} Re8
{[%clk 1:13:43]} 20. a5 {[%clk 1:00:40]} Nd7 {[%clk 1:11:37]} 21. Rc3
{[%clk 0:59:13]} c5 {[%clk 1:10:42]} 22. dxc5 {[%clk 0:52:51]} Nxc5
{[%clk 1:10:32]} 23. Qc2 {[%clk 0:50:36]} Be4 {[%clk 1:10:10]} 24. Qc1
{[%clk 0:50:13]} Na4 {[%clk 1:08:24]} 25. Rc7 {[%clk 0:47:29]} Qb4
{[%clk 1:00:19]} 26. Qd2 {[%clk 0:42:28]} Qf8 {[%clk 0:55:34]} 27. Qf4
{[%clk 0:40:20]} Bxf3 {[%clk 0:55:15]} 28. Qxf3 {[%clk 0:40:39]} f5
{[%clk 0:51:12]} 29. Rd1 {[%clk 0:37:27]} Rad8 {[%clk 0:50:28]} 30. Rdd7
{[%clk 0:35:40]} Rxd7 {[%clk 0:50:17]} 31. Rxd7 {[%clk 0:36:05]} Nc5
{[%clk 0:50:43]} 32. Ra7 {[%clk 0:35:16]} Rd8 {[%clk 0:41:42]} 33. Qc6
{[%clk 0:34:18]} Qd6 {[%clk 0:41:53]} 34. Rc7 {[%clk 0:31:13]} Nb3
{[%clk 0:35:58]} 35. Qb7 {[%clk 0:30:39]} Qd4 {[%clk 0:33:27]} 36. Bf1
{[%clk 0:21:45]} Nd2 {[%clk 0:27:18]} 37. Rc1 {[%clk 0:11:27]} Ne4
{[%clk 0:25:40]} 38. Qb6 {[%clk 0:11:09]} Kf7 {[%clk 0:11:38]} 39. Rc7+
{[%clk 0:09:09]} Kf6 {[%clk 0:11:44]} 40. Rc6 {[%clk 0:31:33]} Qxb6
{[%clk 0:40:01]} 41. axb6 {[%clk 0:31:24]} Rb8 {[%clk 0:40:04]} 42. e3
{[%clk 0:31:24]} Nd2 {[%clk 0:40:11]} 43. Bg2 {[%clk 0:31:25]} Nc4
{[%clk 0:38:22]} 44. b7 {[%clk 0:31:41]} Rxb7 {[%clk 0:37:58]} 45. Rxc4
{[%clk 0:32:05]} bxc4 {[%clk 0:38:25]} 46. Bxb7 {[%clk 0:32:14]} c3
{[%clk 0:38:48]} 0-1

[Event "George Trundle Qualifiers 2016"]
[Site "Auckland"]
[Date "2016.07.17"]
[Round "9.3"]
[White "Macdonald, Paul"]
[Black "Fan, Allen Chi Zhou"]
[Result "0-1"]
[LiveChessVersion "1.4.8"]
[BlackElo "1843"]
[WhiteElo "1989"]

1. d4 {[%clk 1:30:40]} Nf6 {[%clk 1:30:52]} 2. c4 {[%clk 1:30:54]} g6
{[%clk 1:31:18]} 3. Nc3 {[%clk 1:31:20]} Bg7 {[%clk 1:31:44]} 4. e4
{[%clk 1:31:45]} d6 {[%clk 1:32:06]} 5. f4 {[%clk 1:32:09]} e5 {[%clk 1:31:42]}
6. dxe5 {[%clk 1:30:09]} dxe5 {[%clk 1:31:54]} 7. Qxd8+ {[%clk 1:30:10]} Kxd8
{[%clk 1:32:17]} 8. fxe5 {[%clk 1:30:34]} Nfd7 {[%clk 1:24:47]} 9. Bg5+
{[%clk 1:30:32]} Ke8 {[%clk 1:24:44]} 10. Nd5 {[%clk 1:30:27]} Bxe5
{[%clk 1:18:29]} 11. Nf3 {[%clk 1:30:29]} Bd6 {[%clk 1:18:19]} 12. c5
{[%clk 1:04:05]} Nxc5 {[%clk 1:05:58]} 13. e5 {[%clk 1:03:38]} Be6
{[%clk 1:05:03]} 14. Nf6+ {[%clk 1:02:41]} Kf8 {[%clk 1:04:57]} 15. exd6
{[%clk 1:02:30]} cxd6 {[%clk 1:05:19]} 16. O-O-O {[%clk 0:51:58]} h6
{[%clk 0:56:42]} 17. Bf4 {[%clk 0:48:17]} Kg7 {[%clk 0:56:01]} 18. b4
{[%clk 0:39:19]} Na4 {[%clk 0:45:05]} 19. Nd5 {[%clk 0:37:47]} Rc8+
{[%clk 0:44:50]} 20. Kd2 {[%clk 0:31:47]} Bxd5 {[%clk 0:44:54]} 21. Ke3
{[%clk 0:27:55]} Re8+ {[%clk 0:44:06]} 22. Kf2 {[%clk 0:24:31]} Nc3
{[%clk 0:42:47]} 23. Rd4 {[%clk 0:22:46]} Nc6 {[%clk 0:41:17]} 24. Rxd5
{[%clk 0:20:28]} Nxd5 {[%clk 0:41:21]} 25. Bxd6 {[%clk 0:20:49]} Rad8
{[%clk 0:40:37]} 26. Bg3 {[%clk 0:17:51]} Nc3 {[%clk 0:40:08]} 27. Bf4
{[%clk 0:15:48]} g5 {[%clk 0:39:44]} 28. Bc1 {[%clk 0:15:45]} Ne4+
{[%clk 0:39:48]} 29. Kg1 {[%clk 0:15:51]} Rd1 {[%clk 0:38:34]} 30. Bb2+
{[%clk 0:16:04]} f6 {[%clk 0:38:45]} 31. g4 {[%clk 0:15:20]} Rb1 {[%clk 0:38:26]}
32. Ba3 {[%clk 0:14:45]} Nc3 {[%clk 0:33:45]} 33. Kf2 {[%clk 0:10:34]} Ra1
{[%clk 0:31:22]} 34. Bc1 {[%clk 0:07:26]} Rxc1 {[%clk 0:31:26]} 0-1

[Event "George Trundle Qualifiers 2016"]
[Site "Auckland"]
[Date "2016.07.17"]
[Round "9.4"]
[White "Gong, Daniel Hanwen"]
[Black "Ang, Alphaeus Wei Ern"]
[Result "1/2-1/2"]
[LiveChessVersion "1.4.8"]
[BlackElo "2087"]
[WhiteElo "2042"]

1. e4 {[%clk 1:30:57]} d5 {[%clk 1:30:55]} 2. exd5 {[%clk 1:31:24]} Qxd5
{[%clk 1:31:20]} 3. Nc3 {[%clk 1:31:50]} Qd6 {[%clk 1:31:44]} 4. d4
{[%clk 1:32:16]} Nf6 {[%clk 1:32:02]} 5. Nf3 {[%clk 1:32:38]} c6 {[%clk 1:31:56]}
6. Ne5 {[%clk 1:32:09]} Bf5 {[%clk 1:27:38]} 7. Nc4 {[%clk 1:26:15]} Qc7
{[%clk 1:25:38]} 8. Bd3 {[%clk 1:24:38]} Bg6 {[%clk 1:23:29]} 9. Bg5
{[%clk 1:23:23]} Nbd7 {[%clk 1:23:03]} 10. Qd2 {[%clk 1:14:19]} Nd5
{[%clk 1:12:11]} 11. Nxd5 {[%clk 1:10:18]} cxd5 {[%clk 1:12:37]} 12. Bf4
{[%clk 1:09:56]} Qc6 {[%clk 1:07:18]} 13. Ne3 {[%clk 1:07:49]} e6
{[%clk 1:06:41]} 14. O-O {[%clk 1:07:24]} Bd6 {[%clk 1:03:03]} 15. Bb5
{[%clk 0:58:52]} Qxb5 {[%clk 0:58:47]} 16. Bxd6 {[%clk 0:59:16]} Nb6
{[%clk 0:57:24]} 17. c3 {[%clk 0:51:29]} Kd7 {[%clk 0:54:51]} 18. Bg3
{[%clk 0:49:55]} Rhc8 {[%clk 0:53:44]} 19. Rac1 {[%clk 0:42:45]} Rc6
{[%clk 0:50:18]} 20. f4 {[%clk 0:39:30]} Bd3 {[%clk 0:47:43]} 21. Rfd1
{[%clk 0:38:32]} Be4 {[%clk 0:47:53]} 22. f5 {[%clk 0:35:35]} exf5
{[%clk 0:40:38]} 23. Qf2 {[%clk 0:34:00]} g6 {[%clk 0:35:08]} 24. Rd2
{[%clk 0:31:25]} Re8 {[%clk 0:31:08]} 25. Rcd1 {[%clk 0:29:58]} Qa6
{[%clk 0:20:21]} 26. Bf4 {[%clk 0:25:12]} f6 {[%clk 0:15:53]} 27. h4
{[%clk 0:24:53]} Nc4 {[%clk 0:14:28]} 28. Nxc4 {[%clk 0:24:53]} Qxc4
{[%clk 0:14:53]} 29. a3 {[%clk 0:24:24]} Qb3 {[%clk 0:13:46]} 30. Re1
{[%clk 0:20:51]} g5 {[%clk 0:12:23]} 31. hxg5 {[%clk 0:19:50]} fxg5
{[%clk 0:12:49]} 32. Be5 {[%clk 0:17:33]} f4 {[%clk 0:11:02]} 33. Qe2
{[%clk 0:17:18]} Qb6 {[%clk 0:09:19]} 34. Qg4+ {[%clk 0:13:40]} Rce6
{[%clk 0:09:38]} 35. c4 {[%clk 0:12:44]} h5 {[%clk 0:03:10]} 36. Qxh5
{[%clk 0:09:23]} Rxe5 {[%clk 0:02:35]} 37. c5 {[%clk 0:09:26]} Qa5
{[%clk 0:01:37]} 38. b4 {[%clk 0:09:15]} Qxa3 {[%clk 0:01:51]} 39. dxe5
{[%clk 0:09:13]} Qxb4 {[%clk 0:02:01]} 40. Qf7+ {[%clk 0:36:38]} Kd8
{[%clk 0:31:03]} 41. Rxd5+ {[%clk 0:35:01]} Bxd5 {[%clk 0:31:25]} 42. Qxd5+
{[%clk 0:35:28]} Kc8 {[%clk 0:28:07]} 43. Rd1 {[%clk 0:35:37]} Qa4
{[%clk 0:26:20]} 44. e6 {[%clk 0:28:14]} Qc6 {[%clk 0:25:51]} 45. Qd7+
{[%clk 0:24:33]} Kb8 {[%clk 0:26:14]} 46. Qd6+ {[%clk 0:24:20]} Kc8
{[%clk 0:26:30]} 47. Qd7+ 1/2-1/2

[Event "George Trundle Qualifiers 2016"]
[Site "Auckland"]
[Date "2016.07.17"]
[Round "9.5"]
[White "Gibbons, Robert E"]
[Black "Milligan, Helen"]
[Result "1/2-1/2"]
[LiveChessVersion "1.4.8"]
[BlackElo "2053"]
[WhiteElo "2008"]

1. d4 {[%clk 1:25:16]} Nf6 {[%clk 1:30:53]} 2. Nf3 {[%clk 1:25:35]} g6
{[%clk 1:31:16]} 3. g3 {[%clk 1:25:54]} Bg7 {[%clk 1:31:41]} 4. Bg2
{[%clk 1:26:16]} d6 {[%clk 1:32:02]} 5. O-O {[%clk 1:26:29]} O-O {[%clk 1:32:27]}
6. c4 {[%clk 1:26:31]} Nbd7 {[%clk 1:32:10]} 7. Nc3 {[%clk 1:26:40]} e5
{[%clk 1:32:03]} 8. dxe5 {[%clk 1:26:13]} dxe5 {[%clk 1:32:18]} 9. b3
{[%clk 1:25:11]} Qe7 {[%clk 1:31:14]} 10. e4 {[%clk 1:25:16]} c6 {[%clk 1:31:34]}
11. Bb2 {[%clk 1:24:53]} Rd8 {[%clk 1:30:47]} 12. Qe2 {[%clk 1:25:01]} Nf8
{[%clk 1:30:25]} 13. h3 {[%clk 1:22:54]} Nh5 {[%clk 1:30:17]} 14. Rad1
{[%clk 1:22:37]} Be6 {[%clk 1:30:18]} 15. Rxd8 {[%clk 1:20:49]} Rxd8
{[%clk 1:30:43]} 16. Rd1 {[%clk 1:21:06]} Rxd1+ {[%clk 1:31:05]} 17. Nxd1
{[%clk 1:20:39]} Qd6 {[%clk 1:28:13]} 18. Qd2 {[%clk 1:17:16]} Qxd2
{[%clk 1:28:31]} 19. Nxd2 {[%clk 1:17:43]} Bd7 {[%clk 1:27:58]} 20. Nf3
{[%clk 1:15:13]} f6 {[%clk 1:28:03]} 21. Ne3 {[%clk 1:11:02]} Ne6
{[%clk 1:27:38]} 22. Bf1 {[%clk 1:07:19]} Nc5 {[%clk 1:26:52]} 23. Nd2
{[%clk 1:07:25]} Bh6 {[%clk 1:26:54]} 24. Kg2 {[%clk 1:07:40]} Kf7
{[%clk 1:20:42]} 1/2-1/2